Score 0/20 Timer 05:00
1 Play Today
Hint Answer % Correct
Dolly PartonAlways
89.7%
Carrie UnderwoodJesus
86.2%
Carrie UnderwoodCheats
80%
Miranda LambertRed
77.3%
Dolly PartonLike
75.7%
Reba McEntireLights
73.5%
Dolly PartonCoat
67.2%
Reba McEntireThere
66.5%
Carrie UnderwoodBlack
65.5%
Miranda LambertHouse
63.2%
Hint Answer % Correct
Dolly PartonStream
61%
Reba McEntireMan
59.8%
Reba McEntireBroken
54.9%
Miranda LambertLead
48%
Carrie UnderwoodChurch
44.5%
Miranda LambertMama's
35.8%
Carrie UnderwoodBreak
35.2%
Miranda LambertLiar
30.8%
Reba McEntireTurn
22.4%
Dolly PartonEagle
12.7%

Today's Daily Dose

Word Ladder
I Have a Dream

Get the Picture
January Holidays

Remove Ads.
Support Sporcle.
Get the best of Sporcle when you Go Orange. This ad-free experience offers more features, more stats, and more fun while also helping to support Sporcle. Thank you for becoming a member.

You're not logged in!

Compare scores with friends on all Sporcle quizzes.
OR
Log In

Show Comments

Extras

Top Quizzes Today


Score Distribution

Your Account Isn't Verified!

In order to create a playlist on Sporcle, you need to verify the email address you used during registration. Go to your Sporcle Settings to finish the process.

Report this User

Report this user for behavior that violates our Community Guidelines.

Details: